000 00293nam a22001217a 4500
008 160504b xxu||||| |||| 00| 0 eng d
020 _a9780323013499
020 _a032301349
041 _aeng
080 _a618.2
245 _aCalculate urth confidence:
_cDeborah Gray Morris;
942 _2udc
_cBK
999 _c1790
_d1790